00976nam a2200253 a 4500008004100000020001500041020001500056050001500071100002200086245007900108260003000187300002300217350000900240490003500249650005300284650004700337650005900384650006700443650004600510650004700556700001900603710004300622856005700665060424s1999 ||||||||||||||||| || u a1856496651 a185649666X aTP 690 Pet aKarekezi, Stephen10aPetroleum marketing in Africa : issues in pricing, taxation and investment aLondon :bZed Booksc1999 axiv, 210 p. : ill. a0.00 aAfrican energy policy research aPETROLEUM PRODUCTS--PRICES--AFRICA--CASE STUDIES aPETROLEUM--AFRICA--MARKETING--CASE STUDIES aPETROLEUM PRODUCTS-- AFRICA-- MARKETING-- CASE STUDIES aPETROLEUM INDUSTRY AND TRADE-- GOVERNMENT POLICY--CASE STUDIES aPETROLEUM--TAXATION--AFRICA--CASE STUDIES aINVESTMENTS, FOREIGN--AFRICA--CASE STUDIES aBhagavan, M. R aAfrican Energy Policy Research Network uhttp://www.loc.gov/catdir/toc/hol051/2001368318.html